Deuxiémes villes - Statistiques

Statistiques générales
  • Ce quiz a été pris 329 fois
  • Le résultat moyen est 11 sur 14
Statistiques - réponses
Pays Deuxiéme ville % Correct
France Marseille
99%
Espagne Barcelone
97%
Italie Milan
96%
Bresil Rio de Janeiro
95%
Etats-Unis Los Angeles
91%
Canada Montreal
89%
Russie Saint-Petersbourg
89%
Turquie Ankara
88%
Egypte Alexandrie
82%
Allemagne Hambourg
82%
Australie Melbourne
79%
Royaume-Uni Birmingham
72%
Colombie Medellin
63%
Perou Arequipa
16%
Aucun quiz correspondant
Distribution des résultats
% des personnes avec chaque résultat
Percentile par nombre de réponses
Votre historique - résultats
Vous n’avez pas pris ce quiz